000 00283nam a22001217a 4500
003 OSt
008 250207b |||||||| |||| 00| 0 eng d
041 _aeng
100 _aMathur, ML
_97084
245 _aCourse in Internal Combustion Engines
700 _aSharma, RP
_97085
942 _cBK
999 _c19329
_d19329